Cidades do Brasil - Morte súbita - Statistics

Estatísticas Gerais
  • Esse quiz foi jogado 167 vezes
    89 desde o último reset
  • A pontuação média é 15 de 23
Answers on the Grid
Answers color-coded by a green-red scale on the quiz's grid according to % correct below.
A Corunha
Albuquerque
Amazonas
Antofagasta
Aracaju
Barcelona
Belém
Belo Horizonte
Brasília
Buenos Aires
Campo Grande
Cataratas do Iguaçu
Córdoba
Curitiba
Duque de Caxias
Florianópolis
Fortaleza
Gaugamela
Gaziantep
Goiânia
Guadalajara
Guadalcanal
Hanói
Joinville
La Paz
Lima
Lisboa
Maceió
Manágua
Manaus
Maputo
Medellín
Mérida
Montreal
Natal
Nîmes
Nova Iguaçu
Paramaribo
Porto Alegre
Porto Velho
Recife
Rio de Janeiro
Salvador
Santo Domingo
São Luís
São Paulo
São Tomé
Sarajevo
Tegucigalpa
Tenerife
Vitória
 
Estatísticas das Respostas
Resposta % Correto
Aracaju
91%
Belém
87%
Belo Horizonte
81%
Brasília
81%
Campo Grande
75%
Fortaleza
68%
Curitiba
66%
Goiânia
64%
Florianópolis
62%
Maceió
62%
São Paulo
60%
Duque de Caxias
58%
Joinville
58%
Natal
58%
Porto Velho
58%
Recife
58%
Salvador
58%
Manaus
57%
Rio de Janeiro
55%
Nova Iguaçu
53%
Porto Alegre
53%
São Luís
53%
Vitória
53%
Nenhum quiz correspondente encontrado
Distribuição das Pontuações
Porcentagem de Pessoas com Cada Pontuação
Percentil de Números Respondidos
Sua Pontuação Histórica
Você não jogou esse quiz desde o último reset